Euromanažment ľudských zdrojov

Recenzia publikácie J. Mihalika a kol.: Euromanažment ľudských zdrojov. Bratislava, Práca 1996. Štúdia prof. Mihalika ako jedna zo štyroch prác profesorov zo štyroch krajín (K.F. Ackermann SRN, S. Tyson Spojené kráľovstvo, S.G. Echevarria Španielsko), v rámci empirického výskumu v rozmeroch Európy....

Descripción completa

Guardado en:
Detalles Bibliográficos
Autor principal: Bednárik, Rastislav
Otros Autores: Mihalik, Jozef
Formato: Capítulo de libro
Lenguaje:eslovaco
Materias:
Etiquetas: Agregar Etiqueta
Sin Etiquetas, Sea el primero en etiquetar este registro!

MARC

LEADER 00000naa a2200000 4500
001 r025016
005 20230807094205.8
041 0 |a slo 
044 |a SK 
245 1 0 |a Euromanažment ľudských zdrojov  |c Rastislav Bednárik, Jozef Mihalik 
520 |a Recenzia publikácie J. Mihalika a kol.: Euromanažment ľudských zdrojov. Bratislava, Práca 1996. Štúdia prof. Mihalika ako jedna zo štyroch prác profesorov zo štyroch krajín (K.F. Ackermann SRN, S. Tyson Spojené kráľovstvo, S.G. Echevarria Španielsko), v rámci empirického výskumu v rozmeroch Európy. Štúdia bola vypracovaná ako komparácia stavu a potreby uplatnenia moderne chápaného euromanažmentu ľudských zdrojov. Otázky profilu euromanažéra ľudských zdrojov. 
610 2 0 |a recenzie 
610 2 0 |a manažment personálny 
610 2 0 |a zdroje ľudské 
610 2 0 |a manažéri 
610 2 0 |a Európa 
610 2 0 |a výskum ekonomický 
100 1 |a Bednárik, Rastislav 
700 1 |a Mihalik, Jozef